Learn library management / (Record no. 358060)
[ view plain ]
| 000 -LEADER | |
|---|---|
| fixed length control field | 00592nam a2200217Ia 4500 |
| 008 - FIXED-LENGTH DATA ELEMENTS--GENERAL INFORMATION | |
| fixed length control field | 180620s9999 xx 000 0 und d |
| 020 ## - INTERNATIONAL STANDARD BOOK NUMBER | |
| International Standard Book Number | 974-8279-72-3 |
| 050 ## - LIBRARY OF CONGRESS CALL NUMBER | |
| Classification number | REF Z 678 |
| 050 ## - LIBRARY OF CONGRESS CALL NUMBER | |
| Item number | .P96 2000 |
| 100 ## - MAIN ENTRY--PERSONAL NAME | |
| Personal name | Pymm, Bob. |
| 245 #0 - TITLE STATEMENT | |
| Title | Learn library management / |
| 245 #0 - TITLE STATEMENT | |
| Statement of responsibility, etc | Bob Pymm. |
| 260 ## - PUBLICATION, DISTRIBUTION, ETC. (IMPRINT) | |
| Place of publication, distribution, etc | Bangkok, Thailand : |
| 260 ## - PUBLICATION, DISTRIBUTION, ETC. (IMPRINT) | |
| Name of publisher, distributor, etc | Book Promotion & Service Co., Ltd. |
| 260 ## - PUBLICATION, DISTRIBUTION, ETC. (IMPRINT) | |
| Date of publication, distribution, etc | 1999 |
| 300 ## - PHYSICAL DESCRIPTION | |
| Extent | 164 pages : |
| 300 ## - PHYSICAL DESCRIPTION | |
| Dimensions | 30 cm. |
| 440 ## - SERIES STATEMENT/ADDED ENTRY--TITLE | |
| Title | Library Education Series |
| 500 ## - GENERAL NOTE | |
| General note | Includes bibliographical references and index. |
| 650 ## - SUBJECT ADDED ENTRY--TOPICAL TERM | |
| Topical term or geographic name as entry element | Library administration. |
| Withdrawn status | Lost status | Damaged status | Home library | Current library | Shelving location | Date acquired | Cost, normal purchase price | Total Checkouts | Full call number | Barcode | Date last seen | Price effective from | Koha item type |
|---|---|---|---|---|---|---|---|---|---|---|---|---|---|
| South Mansfield College | South Mansfield College | Reference Section | 09/19/2006 | 425.00 | REF Z 678 .P96 2000 | SMC03349 | 06/20/2018 | 06/20/2018 | Books |